geography quiz(impossible) - Statistics

General Stats
  • This quiz has been taken 39 times
  • The average score is 3 of 15
Answer Stats
Hint Answer % Correct
What is the country called that is the nearest to the Heard and Mcdonalds islands? Australia
55%
And what is the largest city in Spitsbergen? Longyearbyen
48%
What is the capital city of guadeloupe? Basse-Terre
45%
What is the capital city of Saba? the Bottom
24%
In what year did Georgia emerged as a republic? 1917
18%
What is the capital city of the region Inner Mongolia in China? Hohhot
18%
What is the smallest sea in the world? Marmara
18%
What is the mountain in Guam called? Mount Lamlam
9%
How many inhabitants does Bermuda has (rounded to thousands) 64000
6%
What is the coldest city in Europe called? Oymyakon
6%
What is the currency of Macao? Macanese Pataca
3%
What is the highest point in the Netherlands called? The Vaalserberg
3%
in which city is the Ypacarai lake located? (hint: this city is in Paraguay) Aregua
0%
What is the biggest river in Kazakhstan Irtysje
0%
From which German region is Schwerin the capital city? Mecklenburg Voorpommern
0%
No matching quizzes found
Score Distribution
Percent of People with Each Score
Percentile by Number Answered
Your Score History
You have not taken this quiz